Music Quiz

Random Music or Clickable Quiz

More Similar Song Titles Quiz Stats

Quiz Updated Mar 20, 2016

Challenge
Share
Tweet
Embed
Score 0/40 Timer 08:00
1 Play Today
% Correct
Be
97.7%
Vibrations
88.8%
Rain
86.9%
Go
84.9%
Feeling
83.6%
Haze
83.5%
Casbah
82.9%
Family
79.4%
Cruel
78.4%
Dark
78.1%
Away
77.8%
Shy
77.3%
Romance
77.1%
Bye
76.8%
Young
74.9%
Stinks
73.1%
Lucky
72.7%
Cars
72.2%
Up
72.2%
World
71.4%
% Correct
Moonlight
71.4%
Cry
71.3%
Hurts
69.9%
Bleed
69.7%
Woman
69.5%
Reputation
66.5%
Day
63.8%
Girl
62.2%
Baby
61.8%
Boat
61.4%
Lovin'
60.5%
Sunshine
60%
Closer
57.4%
Love
56.4%
Moon
55.4%
Pavements
53.1%
Miracles
51.5%
Monday
48.9%
Night
44.2%
Innocence
38.5%

You're not logged in!

Compare scores with friends on all Sporcle quizzes.
Sign Up with Email
OR
Log In

You Might Also Like...

Show Comments

Extras

Top Quizzes Today


Score Distribution

Your Account Isn't Verified!

In order to create a playlist on Sporcle, you need to verify the email address you used during registration. Go to your Sporcle Settings to finish the process.